[Event "Manisa Yunusemre IM Norm 2019"]
[Site "Manisa"]
[Date "2019.05.01"]
[Round "5.1"]
[White "Simantsev, Mikhail"]
[Black "Metin, Oguz"]
[Result "1-0"]
[WhiteElo "2395"]
[BlackElo "2058"]
[Annotator "NA"]
[PlyCount "75"]
[EventDate "2019.04.30"]
[EventCountry "TUR"]
[SourceTitle "playchess.com"]
[Source "ChessBase"]
[SourceQuality "1"]
[TimeControl "5400+30"]

1. d4 {[%emt 0:02:30]} Nf6 {[%emt 0:03:30]} 2. c4 {[%emt 0:00:00]} e6 {[%emt 0:00:30]} 3. Nf3 {[%emt 0:00:00]} b6 {[%emt 0:00:30]} 4. Nc3 {[%emt 0:00:30]} Bb7 {[%emt 0:00:30]} 5. Qc2 {[%emt 0:01:30]} Bb4 {[%emt 0:00:30]} 6. a3 {[%emt 0:00:30]} Bxc3+ {[%emt 0:00:30]} 7. Qxc3 {[%emt 0:00:30]} Ne4 {[%emt 0:01:30]} 8. Qc2 {[%emt 0:02:30]} O-O {[%emt 0:01:30]} 9. e3 {[%emt 0:03:30]} f5 {[%emt 0:00:30]} 10. Be2 {[%emt 0:03:30]} d6 {[%emt 0:00:30]} 11. b3 {[%emt 0:02:30]} Nd7 {[%emt 0:07:30]} 12. Bb2 {[%emt 0:02:30]} Rf6 {[%emt 0:01:30]} 13. d5 {[%emt 0:05:30]} e5 {[%emt 0:03:30]} 14. g3 {[%emt 0:17:30]} a5 {[%emt 0:10:30]} 15. Nh4 {[%emt 0:12:30]} g6 {[%emt 0:06:30]} 16. f3 {[%emt 0:03:30]} Nec5 {[%emt 0:04:30]} 17. O-O {[%emt 0:02:30]} Nf8 {[%emt 0:08:30]} 18. f4 {[%emt 0:01:30]} Ncd7 {[%emt 0:02:30]} 19. e4 {[%emt 0:02:30]} exf4 {[%emt 0:05:30]} 20. gxf4 {[%emt 0:18:05]} fxe4 {[%emt 0:04:30]} 21. Bxf6 {[%emt 0:01:15]} Qxf6 {[%emt 0:00:30]} 22. Ng2 {[%emt 0:00:05]} Nc5 {[%emt 0:07:30]} 23. Rad1 {[%emt 0:00:58]} Re8 {[%emt 0:02:30]} 24. b4 {[%emt 0:03:00]} Ncd7 {[%emt 0:01:30]} 25. Ne3 {[%emt 0:00:18]} Bc8 {[%emt 0:01:30]} 26. Kh1 {[%emt 0:02:17]} Qh4 {[%emt 0:01:30]} 27. Qc3 {[%emt 0:02:23]} Re7 {[%emt 0:07:49]} 28. Bg4 {[%emt 0:04:23]} h5 {[%emt 0:01:51]} 29. Be6+ {[%emt 0:01:59]} Nxe6 {[%emt 0:00:55]} 30. dxe6 {[%emt 0:01:43]} Rxe6 {[%emt 0:00:23]} 31. f5 {[%emt 0:00:25]} Re5 {[%emt 0:00:39]} 32. fxg6 {[%emt 0:00:57]} Nf6 {[%emt 0:00:09]} 33. Rd2 {[%emt 0:02:39]} Bh3 {[%emt 0:00:28]} 34. Ng2 {[%emt 0:00:32]} Bxg2+ {[%emt 0:02:15]} 35. Rxg2 {[%emt 0:00:07]} e3 {[%emt 0:00:07]} 36. Qd3 {[%emt 0:00:22]} Ng4 {[%emt 0:00:56]} 37. g7 {[%emt 0:00:20]} Qh3 {[%emt 0:02:50]} 38. Qg6 {[%emt 0:00:36]} 1-0

[Event "Manisa Yunusemre IM Norm 2019"]
[Site "Manisa"]
[Date "2019.05.01"]
[Round "5.2"]
[White "Morozov, Nichita"]
[Black "Nalbant, Tuna Onat"]
[Result "1/2-1/2"]
[WhiteElo "2398"]
[BlackElo "2354"]
[Annotator "NA"]
[PlyCount "61"]
[EventDate "2019.04.30"]
[EventCountry "TUR"]
[SourceTitle "playchess.com"]
[Source "ChessBase"]
[SourceQuality "1"]
[TimeControl "5400+30"]

1. d4 {[%emt 0:00:30]} Nf6 {[%emt 0:00:30]} 2. Nf3 {[%emt 0:00:00]} d5 {[%emt 0:00:30]} 3. c4 {[%emt 0:00:00]} c6 {[%emt 0:00:00]} 4. cxd5 {[%emt 0:00:00]} cxd5 {[%emt 0:00:00]} 5. Nc3 {[%emt 0:00:00]} Nc6 {[%emt 0:00:30]} 6. Bf4 {[%emt 0:00:00]} Bf5 {[%emt 0:00:30]} 7. e3 {[%emt 0:02:00]} e6 {[%emt 0:00:30]} 8. Bd3 {[%emt 0:00:00]} Bg6 {[%emt 0:00:30]} 9. O-O {[%emt 0:00:00]} Bd6 {[%emt 0:00:00]} 10. Bg3 {[%emt 0:00:00]} O-O {[%emt 0:00:00]} 11. Bxg6 {[%emt 0:00:00]} hxg6 {[%emt 0:00:30]} 12. Rc1 {[%emt 0:00:30]} Bxg3 {[%emt 0:00:30]} 13. hxg3 {[%emt 0:00:00]} Rc8 {[%emt 0:01:30]} 14. a3 {[%emt 0:01:00]} Ne7 {[%emt 0:02:30]} 15. Ne2 {[%emt 0:00:00]} Rxc1 {[%emt 0:00:30]} 16. Qxc1 {[%emt 0:00:00]} Ne4 {[%emt 0:00:30]} 17. Nd2 {[%emt 0:00:30]} Nxd2 {[%emt 0:00:00]} 18. Qxd2 {[%emt 0:00:00]} Qd7 {[%emt 0:00:00]} 19. Rc1 {[%emt 0:00:00]} Rc8 {[%emt 0:00:30]} 20. Rxc8+ {[%emt 0:00:00]} Qxc8 {[%emt 0:00:30]} 21. Qc1 {[%emt 0:00:00]} Kf8 {[%emt 0:00:30]} 22. Kf1 {[%emt 0:00:30]} Qxc1+ {[%emt 0:00:30]} 23. Nxc1 {[%emt 0:00:00]} Nc8 {[%emt 0:00:30]} 24. Ke2 {[%emt 0:00:00]} Ke7 {[%emt 0:00:30]} 25. Kd3 {[%emt 0:00:30]} Kd6 {[%emt 0:00:30]} 26. Nb3 {[%emt 0:00:30]} g5 {[%emt 0:01:30]} 27. g4 {[%emt 0:00:00]} Ne7 {[%emt 0:00:30]} 28. Nd2 {[%emt 0:00:00]} f6 {[%emt 0:00:30]} 29. f3 {[%emt 0:00:30]} b6 {[%emt 0:00:30]} 30. g3 {[%emt 0:00:00]} g6 {[%emt 0:00:30]} 31. f4 {[%emt 0:00:00]} 1/2-1/2

[Event "Manisa Yunusemre IM Norm 2019"]
[Site "Manisa"]
[Date "2019.05.01"]
[Round "5.3"]
[White "Kukov, Velislav"]
[Black "Ozen, Bahadir"]
[Result "0-1"]
[WhiteElo "2351"]
[BlackElo "2328"]
[Annotator "NA"]
[PlyCount "60"]
[EventDate "2019.04.30"]
[EventCountry "TUR"]
[SourceTitle "playchess.com"]
[Source "ChessBase"]
[SourceQuality "1"]
[TimeControl "5400+30"]

1. d4 {[%emt 0:00:30]} d5 {[%emt 0:00:30]} 2. Bf4 {[%emt 0:00:00]} c5 {[%emt 0:00:30]} 3. e3 {[%emt 0:00:00]} Nc6 {[%emt 0:01:30]} 4. Nf3 {[%emt 0:00:30]} Nf6 {[%emt 0:00:30]} 5. c3 {[%emt 0:00:30]} Qb6 {[%emt 0:01:30]} 6. Qb3 {[%emt 0:09:30]} c4 {[%emt 0:02:30]} 7. Qxb6 {[%emt 0:04:30]} axb6 {[%emt 0:00:30]} 8. Na3 {[%emt 0:00:00]} Bf5 {[%emt 0:22:30]} 9. Be2 {[%emt 0:01:00]} e6 {[%emt 0:02:30]} 10. Nb5 {[%emt 0:00:00]} Ra5 {[%emt 0:02:30]} 11. Nd6+ {[%emt 0:03:00]} Bxd6 {[%emt 0:00:30]} 12. Bxd6 {[%emt 0:00:00]} Ne4 {[%emt 0:02:30]} 13. Bg3 {[%emt 0:12:00]} Rb5 {[%emt 0:03:30]} 14. O-O-O {[%emt 0:06:30]} Ke7 {[%emt 0:02:30]} 15. Nh4 {[%emt 0:11:30]} Ra8 {[%emt 0:01:30]} 16. Nxf5+ {[%emt 0:07:30]} exf5 {[%emt 0:00:30]} 17. a3 {[%emt 0:00:30]} Nxc3 {[%emt 0:06:30]} 18. bxc3 {[%emt 0:02:30]} Rxa3 {[%emt 0:00:30]} 19. Kd2 {[%emt 0:00:30]} Rb2+ {[%emt 0:00:30]} 20. Ke1 {[%emt 0:00:30]} Rxc3 {[%emt 0:00:30]} 21. Bf3 {[%emt 0:07:30]} Nb4 {[%emt 0:03:30]} 22. Kf1 {[%emt 0:03:30]} Ke6 {[%emt 0:03:30]} 23. h4 {[%emt 0:03:30]} Nd3 {[%emt 0:03:30]} 24. Kg1 {[%emt 0:01:30]} b5 {[%emt 0:00:30]} 25. Kh2 {[%emt 0:00:30]} b4 {[%emt 0:01:30]} 26. Ra1 {[%emt 0:01:30]} Ra3 {[%emt 0:01:30]} 27. Rhd1 {[%emt 0:00:30]} Rxa1 {[%emt 0:02:30]} 28. Rxa1 {[%emt 0:00:00]} c3 {[%emt 0:00:00]} 29. Ra5 {[%emt 0:01:00]} c2 {[%emt 0:01:00]} 30. Bxd5+ {[%emt 0:00:30]} Ke7 {[%emt 0:00:30]} 0-1

[Event "Manisa Yunusemre IM Norm 2019"]
[Site "Manisa"]
[Date "2019.05.01"]
[Round "5.4"]
[White "Mammadova, Narmin"]
[Black "Akin, Kadir"]
[Result "1/2-1/2"]
[WhiteElo "2292"]
[BlackElo "2033"]
[Annotator "NA"]
[PlyCount "52"]
[EventDate "2019.04.30"]
[EventCountry "TUR"]
[SourceTitle "playchess.com"]
[Source "ChessBase"]
[SourceQuality "1"]
[TimeControl "5400+30"]

1. e4 {[%emt 0:00:30]} c5 {[%emt 0:01:30]} 2. c3 {[%emt 0:00:00]} d5 {[%emt 0:00:30]} 3. exd5 {[%emt 0:00:00]} Qxd5 {[%emt 0:00:30]} 4. d4 {[%emt 0:00:30]} Nc6 {[%emt 0:00:00]} 5. Nf3 {[%emt 0:00:30]} Bg4 {[%emt 0:00:00]} 6. Be2 {[%emt 0:00:30]} e6 {[%emt 0:00:30]} 7. O-O {[%emt 0:01:30]} Nf6 {[%emt 0:00:00]} 8. Be3 {[%emt 0:02:30]} cxd4 {[%emt 0:01:00]} 9. Nxd4 {[%emt 0:03:30]} Bxe2 {[%emt 0:03:30]} 10. Qxe2 {[%emt 0:00:30]} Nxd4 {[%emt 0:02:30]} 11. Bxd4 {[%emt 0:00:30]} Rd8 {[%emt 0:12:30]} 12. Bxa7 {[%emt 0:15:30]} Bd6 {[%emt 0:04:30]} 13. Bd4 {[%emt 0:13:30]} O-O {[%emt 0:01:30]} 14. Nd2 {[%emt 0:02:30]} e5 {[%emt 0:00:30]} 15. Bb6 {[%emt 0:02:30]} Rc8 {[%emt 0:01:30]} 16. Rfd1 {[%emt 0:02:30]} Qc6 {[%emt 0:01:30]} 17. Be3 {[%emt 0:00:30]} Nd5 {[%emt 0:01:30]} 18. Ne4 {[%emt 0:21:30]} Bc7 {[%emt 0:01:30]} 19. Ng5 {[%emt 0:06:30]} f5 {[%emt 0:00:30]} 20. c4 {[%emt 0:05:10]} Nxe3 {[%emt 0:02:30]} 21. Qxe3 {[%emt 0:07:20]} Qxc4 {[%emt 0:00:30]} 22. Rac1 {[%emt 0:00:15]} Qxa2 {[%emt 0:00:30]} 23. Ra1 {[%emt 0:00:05]} Qc4 {[%emt 0:00:00]} 24. Rac1 {[%emt 0:00:02]} Qa2 {[%emt 0:00:00]} 25. Ra1 {[%emt 0:00:03]} Qc4 {[%emt 0:00:00]} 26. Rac1 {[%emt 0:00:03]} Qa2 {[%emt 0:00:00]} 1/2-1/2

[Event "Manisa Yunusemre IM Norm 2019"]
[Site "Manisa"]
[Date "2019.05.01"]
[Round "5.5"]
[White "Guseynov, Alihan"]
[Black "Abdullayev, Azer"]
[Result "1-0"]
[WhiteElo "2340"]
[BlackElo "2074"]
[Annotator "NA"]
[PlyCount "61"]
[EventDate "2019.04.30"]
[EventCountry "TUR"]
[SourceTitle "playchess.com"]
[Source "ChessBase"]
[SourceQuality "1"]
[TimeControl "5400+30"]

1. d4 {[%emt 0:00:30]} d5 {[%emt 0:00:30]} 2. c4 {[%emt 0:00:00]} e6 {[%emt 0:00:00]} 3. Nc3 {[%emt 0:00:00]} Nf6 {[%emt 0:00:00]} 4. cxd5 {[%emt 0:01:30]} exd5 {[%emt 0:00:00]} 5. Bg5 {[%emt 0:00:30]} Be7 {[%emt 0:00:00]} 6. e3 {[%emt 0:00:00]} c6 {[%emt 0:00:30]} 7. Bd3 {[%emt 0:00:00]} Nbd7 {[%emt 0:00:00]} 8. Qc2 {[%emt 0:01:30]} O-O {[%emt 0:00:00]} 9. Nge2 {[%emt 0:00:30]} Re8 {[%emt 0:01:30]} 10. O-O {[%emt 0:00:30]} h6 {[%emt 0:00:00]} 11. Bf4 {[%emt 0:05:30]} Nf8 {[%emt 0:04:00]} 12. Rab1 {[%emt 0:06:30]} Ne6 {[%emt 0:01:30]} 13. Bg3 {[%emt 0:01:30]} g6 {[%emt 0:23:30]} 14. Kh1 {[%emt 0:17:30]} Ng7 {[%emt 0:02:30]} 15. f3 {[%emt 0:01:30]} Bd6 {[%emt 0:01:30]} 16. Bf2 {[%emt 0:01:30]} Bc7 {[%emt 0:07:30]} 17. Bg1 {[%emt 0:10:30]} h5 {[%emt 0:08:30]} 18. e4 {[%emt 0:09:30]} dxe4 {[%emt 0:00:30]} 19. fxe4 {[%emt 0:00:30]} h4 {[%emt 0:11:30]} 20. e5 {[%emt 0:08:30]} Nfh5 {[%emt 0:00:30]} 21. h3 {[%emt 0:00:30]} Be6 {[%emt 0:14:30]} 22. Rf3 {[%emt 0:07:30]} g5 {[%emt 0:13:49]} 23. Rbf1 {[%emt 0:07:32]} g4 {[%emt 0:00:50]} 24. hxg4 {[%emt 0:00:11]} Bxg4 {[%emt 0:00:14]} 25. Bc4 {[%emt 0:05:02]} Bxf3 {[%emt 0:08:34]} 26. Rxf3 {[%emt 0:00:08]} Re6 {[%emt 0:00:27]} 27. Ne4 {[%emt 0:04:39]} a6 {[%emt 0:00:35]} 28. Be3 {[%emt 0:01:28]} Ng3+ {[%emt 0:00:26]} 29. N2xg3 {[%emt 0:02:50]} hxg3 {[%emt 0:00:02]} 30. Bxe6 {[%emt 0:01:23]} Qh4+ {[%emt 0:00:52]} 31. Bh3 {[%emt 0:00:13]} 1-0

[Event "Manisa Yunusemre IM Norm 2019"]
[Site "Manisa"]
[Date "2019.05.02"]
[Round "6.2"]
[White "Ozen, Bahadir"]
[Black "Morozov, Nichita"]
[Result "1/2-1/2"]
[WhiteElo "2328"]
[BlackElo "2398"]
[Annotator "TA"]
[PlyCount "38"]
[EventDate "2019.04.30"]
[EventCountry "TUR"]
[SourceTitle "playchess.com"]
[Source "ChessBase"]
[SourceQuality "1"]

{[%evp 9,38,3,11,0,19,10,17,16,16,17,16,33,79,24,39,40,27,27,39,39,34,37,43,0,0,0,36,0,6,0,41]} 1. Nf3 Nf6 2. c4 e6 3. e3 b6 4. b3 Bb7 5. Bb2 d5 6. d4 {A13: English Opening: 1...e6} a6 7. Nbd2 Bd6 8. Bd3 Nbd7 {[%cal Bb8d7,Bd7f6,Bf6d5][%mdl 32]} 9. O-O Ne4 10. Qc2 {[%cal Rd2e4]} Ndf6 $146 ({Predecessor:} 10... f5 11. cxd5 exd5 12. Ne5 O-O {0-1 (57) Sargissian,G (2672)-Bosiocic,M (2624) Riadh 2017}) 11. h3 ({White should try} 11. b4 $16) 11... h6 12. b4 Nxd2 $1 13. Nxd2 dxc4 14. Nxc4 Nd5 15. a3 O-O 16. Bh7+ Kh8 {[#] Threatens to win with ...f5.} 17. Bd3 Kg8 18. Bh7+ Kh8 {Hoping for ...f5.} 19. Bd3 Kg8 {Accuracy: White = 59%, Black = 70%.} 1/2-1/2

[Event "Manisa Yunusemre IM Norm 2019"]
[Site "Manisa"]
[Date "2019.04.02"]
[Round "6.3"]
[White "Akin, Kadir"]
[Black "Kukov, Velislav"]
[Result "0-1"]
[WhiteElo "2033"]
[BlackElo "2351"]
[Annotator "TA"]
[PlyCount "58"]
[EventDate "2019.04.30"]
[EventCountry "TUR"]
[SourceTitle "playchess.com"]
[Source "ChessBase"]
[SourceQuality "1"]

{[%evp 10,58,62,62,62,62,60,64,66,62,62,65,72,42,58,54,63,9,9,14,9,14,20,9,23,0,0,0,3,0,18,0,8,5,2,-23,-12,-7,-28,-24,-22,-448,-441,-476,-475,-764,-810,-1303,-672,-723,-691]} 1. e4 d5 2. exd5 Qxd5 3. Nc3 Qd8 4. d4 Nf6 5. Nf3 Bg4 6. h3 Bxf3 {B01: Scandinavian Defence} 7. Qxf3 c6 8. Be3 e6 {White is slightly better.} 9. Bd3 Be7 10. O-O-O Nd5 11. Ne4 Nd7 $146 ({Predecessor:} 11... O-O 12. c4 Nxe3 13. fxe3 Nd7 14. g4 {1-0 (39) Quesada Perez,Y (2647)-Slipak,S (2433) Buenos Aires 2015}) 12. Qg3 g6 13. Nd6+ (13. Bd2 $14) 13... Bxd6 $1 $11 14. Qxd6 Nxe3 15. fxe3 Qe7 16. Qf4 e5 17. Qf3 O-O-O 18. g4 Rhe8 {[#] ...e4 is the strong threat.} 19. Bc4 Rf8 20. Bd3 Rde8 21. Qf2 Nb6 {[%cal Bd7b6,Bb6d5,Bd5e3][%mdl 32]} 22. Rhf1 Qg5 23. Kb1 e4 $36 {[%mdl 2048] Black is more active.} 24. Be2 Nd5 25. Bc4 $2 {[%mdl 8192]} (25. h4 $11 {and White stays safe.} Qxe3 26. Qh2) 25... Nxe3 $19 {[%mdl 64] [#] Double Attack. Black is clearly winning.} 26. Qd2 {Hoping for Rfe1.} h6 27. Rxf7 (27. Qc3 $142 Nxf1 28. Rxf1) 27... Nxc4 28. Qf2 Rxf7 29. Qxf7 Nd6 {Accuracy: White = 33%, Black = 70%.} 0-1

[Event "Manisa Yunusemre IM Norm 2019"]
[Site "Manisa"]
[Date "2019.05.02"]
[Round "6.4"]
[White "Abdullayev, Azer"]
[Black "Mammadova, Narmin"]
[Result "0-1"]
[WhiteElo "2074"]
[BlackElo "2292"]
[Annotator "TA"]
[PlyCount "78"]
[EventDate "2019.04.30"]
[EventCountry "TUR"]
[SourceTitle "playchess.com"]
[Source "ChessBase"]
[SourceQuality "1"]

{[%evp 17,78,13,38,19,59,39,45,44,46,71,146,141,140,150,163,93,164,75,58,75,115,120,130,119,129,79,189,109,172,143,213,152,255,236,249,250,318,311,311,321,313,305,336,338,322,154,171,154,190,179,375,0,0,0,0,-21,-27,-690,312,-29997,-29998,-29998,-29999]} 1. d4 d5 2. c4 c6 3. Nf3 Nf6 4. Nc3 e6 5. e3 Nbd7 6. Bd3 dxc4 7. Bxc4 b5 8. Bd3 a6 9. e4 b4 10. Na4 {D48: Semi-Slav: Meran System: 7...b5 8 Bd3 a6} Bb7 11. Bg5 (11. O-O c5 12. e5 Nd5 13. Qe2 cxd4 14. Nxd4 {½-½ (71) Tran,T (2541)-Pridorozhni,A (2540) Voronezh 2017}) 11... h6 $146 ({Predecessor:} 11... Be7 12. Rc1 h6 13. Bxf6 gxf6 14. O-O Qa5 15. b3 Rg8 16. Qe2 Qh5 17. Rfe1 Kf8 {1-0 (49) Kraus,O (2046)-Perez Fresnedo,S (2004) Santa Cruz de Tenerife 2017}) 12. Bh4 {White is slightly better.} Qa5 13. O-O Be7 ({Better is} 13... c5) 14. e5 $16 Nd5 15. Bxe7 Kxe7 16. Rc1 (16. Nd2 $18) 16... Rhd8 {[#]} (16... c5 $16 {keeps fighting.}) 17. Qb3 (17. Nd2 $1 $18 {is more deadly.}) 17... Nf4 18. Nc5 Nxc5 19. Rxc5 Qb6 20. Rfc1 a5 21. a4 g5 (21... Kf8 $16) 22. h3 ({White should try} 22. Bf1 $18) 22... Rd7 (22... Rd5 $16) 23. Kh2 Rg8 (23... Kf8 $16 {might work better.}) 24. Bf1 Rdd8 (24... Kf8 $16 {was called for.} 25. Kg1 Ng6) 25. Qe3 Nd5 26. Qe4 h5 27. Nd2 Qc7 28. g3 h4 29. Nc4 f5 30. exf6+ Nxf6 31. Qe5 (31. Qe3 $18) 31... Qxe5 32. dxe5 Ne4 33. Rxa5 Rgf8 $2 (33... Ra8 34. Rxa8 Bxa8) 34. Rc2 $2 (34. Ra7 $18 Rd7 35. Nb6) 34... hxg3+ $11 (34... Rxf2+ $2 35. Rxf2 hxg3+ 36. Kg2 $18) 35. Kg2 {Threatens to win with f3.} c5 $36 {[%mdl 2048] Black has the initiative.} ({Not} 35... gxf2 $2 36. Ra7 $18) ({But not} 35... Rxf2+ $2 36. Rxf2 gxf2 37. Ra7 $16) ({And not} 35... Nxf2 36. Ra7 $16) 36. Ra7 Rd7 {...Nd2+ is the strong threat.} 37. Nb6 $2 {[%mdl 8192] [#]} (37. fxg3 $11 Bc6 38. Ra6) 37... Nxf2+ $4 {[%mdl 8192]} (37... Nd2+ $1 $19 {and life is good for Black.} 38. f3 Bxf3+ {[%mdl 64] Discovered Attack} 39. Kg1 Rxa7 40. Rxd2 Rd8) 38. Kg1 $4 {[%mdl 8192] [#]} (38. Kxg3 $18 Ne4+ {[%mdl 64] Discovered Attack} 39. Kh2) 38... Nxh3+ $1 {[%mdl 576] Back Rank} 39. Bxh3 Rd1+ {Accuracy: White = 47%, Black = 25%.} 0-1

[Event "Manisa Yunusemre IM Norm 2019"]
[Site "Manisa"]
[Date "2019.04.29"]
[Round "6.5"]
[White "Metin, Oguz"]
[Black "Guseynov, Alihan"]
[Result "0-1"]
[WhiteElo "2058"]
[BlackElo "2340"]
[Annotator "TA"]
[PlyCount "72"]
[EventDate "2019.04.30"]
[EventCountry "TUR"]
[SourceTitle "playchess.com"]
[Source "ChessBase"]
[SourceQuality "1"]

{[%evp 17,72,40,58,37,50,69,48,59,72,64,66,60,61,42,38,32,36,49,29,11,17,9,10,0,4,2,15,-206,-218,-233,-235,-242,-236,-300,-277,-279,-291,-279,-162,-282,-283,-254,-279,-450,-450,-450,-430,-446,-445,-428,-321,-468,-467,-477,-447,-392,-393]} 1. d4 Nf6 2. c4 e6 3. g3 Bb4+ 4. Bd2 Qe7 5. Bg2 O-O 6. Nf3 Bxd2+ 7. Qxd2 d6 8. O-O e5 9. Nc3 Nc6 10. Rfe1 {E11: Bogo-Indian} (10. Rac1 Bg4 11. dxe5 dxe5 12. Qe3 Rad8 13. Rfd1 Rxd1+ 14. Rxd1 Re8 15. Nd5 Qd8 16. h3 Bh5 17. Rd2 Bg6 18. Nh4 Nxd5 19. Rxd5 Qe7 20. Rb5 Nd4 21. Rxb7 Bb1 22. a3 f6 23. Bd5+ Kh8 24. Nf3 Bf5 {1-0 (24) Bruzon Batista,L (2666)-Stark,L (2440) Caleta 2016}) 10... Bg4 11. Nd5 Qd8 12. dxe5 {White is slightly better.} dxe5 13. Rad1 Qd6 $146 ({Predecessor:} 13... Bxf3 14. exf3 Qd6 15. f4 exf4 16. Qxf4 Qxf4 17. gxf4 Rac8 {1-0 (57) Munoz Galvez,J (2343)-Cardoso Cardoso,J (2286) Medellin 2018}) 14. Qc3 Rad8 15. h3 Bxf3 16. exf3 Rfe8 17. Nxf6+ Qxf6 18. Rd5 h6 19. f4 exf4 20. Rxe8+ Rxe8 21. Qxf6 gxf6 $11 {[%mdl 4096] Endgame KRB-KRN} 22. Rd7 $2 {[#]} (22. gxf4 $11 Re1+ 23. Kh2) 22... f3 $1 $19 {[%mdl 512]} 23. Bxf3 Ne5 $1 {[%csl LRc4,LRd7,LRf3][%mdl 64] Double Attack} 24. Rxc7 {Hoping for Bd5.} Nxf3+ {KRN-KR} 25. Kg2 {[#]} Ne1+ $1 26. Kf1 Nd3 27. Rxb7 {[#]} Re1+ $1 28. Kg2 Re2 29. Kf3 Rxf2+ 30. Ke3 $2 (30. Ke4 {was the only defense.} Nc5+ 31. Ke3) 30... Rxb2 31. Rxa7 Ne5 32. Ra8+ Kg7 33. c5 Rb4 34. a4 (34. Rc8 $142) 34... Rc4 35. c6 Nxc6 36. Rc8 f5 {Accuracy: White = 35%, Black = 90%.} 0-1

[Event "Manisa Yunusemre IM Norm 2019"]
[Site "Manisa"]
[Date "2019.05.02"]
[Round "7.2"]
[White "Morozov, Nichita"]
[Black "Akin, Kadir"]
[Result "1-0"]
[WhiteElo "2398"]
[BlackElo "2033"]
[Annotator "NA"]
[PlyCount "101"]
[EventDate "2019.04.30"]
[EventCountry "TUR"]
[SourceTitle "playchess.com"]
[Source "ChessBase"]
[SourceQuality "1"]
[TimeControl "5400+30"]

1. Nf3 {[%emt 0:00:30]} d5 {[%emt 0:00:30]} 2. g3 {[%emt 0:00:00]} Nf6 {[%emt 0:00:30]} 3. Bg2 {[%emt 0:00:00]} c6 {[%emt 0:00:30]} 4. O-O {[%emt 0:00:00]} Bg4 {[%emt 0:00:30]} 5. d3 {[%emt 0:01:00]} Nbd7 {[%emt 0:02:30]} 6. h3 {[%emt 0:01:30]} Bxf3 {[%emt 0:00:00]} 7. Bxf3 {[%emt 0:00:00]} e6 {[%emt 0:07:00]} 8. Bg2 {[%emt 0:00:00]} Qb6 {[%emt 0:01:30]} 9. Nd2 {[%emt 0:01:30]} Bd6 {[%emt 0:00:30]} 10. Kh1 {[%emt 0:04:30]} O-O {[%emt 0:10:30]} 11. c4 {[%emt 0:02:30]} Rfe8 {[%emt 0:03:30]} 12. b3 {[%emt 0:01:30]} a5 {[%emt 0:00:30]} 13. a3 {[%emt 0:02:30]} e5 {[%emt 0:05:30]} 14. Bb2 {[%emt 0:00:30]} Bf8 {[%emt 0:04:30]} 15. Qc2 {[%emt 0:03:30]} h6 {[%emt 0:05:30]} 16. Rab1 {[%emt 0:02:30]} Rac8 {[%emt 0:05:30]} 17. e3 {[%emt 0:02:30]} Qa6 {[%emt 0:02:30]} 18. Rbc1 {[%emt 0:11:30]} b5 {[%emt 0:04:30]} 19. Qb1 {[%emt 0:00:00]} b4 {[%emt 0:00:30]} 20. a4 {[%emt 0:00:00]} Bd6 {[%emt 0:04:30]} 21. Nf3 {[%emt 0:06:30]} Bb8 {[%emt 0:02:30]} 22. Qc2 {[%emt 0:06:30]} Qb7 {[%emt 0:07:30]} 23. Nh4 {[%emt 0:01:30]} g6 {[%emt 0:08:30]} 24. Nf3 {[%emt 0:02:30]} Kh7 {[%emt 0:00:30]} 25. Nd2 {[%emt 0:00:30]} Qa6 {[%emt 0:01:30]} 26. Rce1 {[%emt 0:00:30]} Nh5 {[%emt 0:02:13]} 27. Qd1 {[%emt 0:04:30]} f5 {[%emt 0:04:38]} 28. cxd5 {[%emt 0:01:30]} cxd5 {[%emt 0:01:08]} 29. Bxd5 {[%emt 0:00:00]} Qxd3 {[%emt 0:00:05]} 30. Nc4 {[%emt 0:00:00]} Nc5 {[%emt 0:04:47]} 31. Qxd3 {[%emt 0:02:30]} Nxd3 {[%emt 0:00:07]} 32. Rb1 {[%emt 0:03:30]} Rc5 {[%emt 0:03:26]} 33. Bf3 {[%emt 0:01:30]} Nf6 {[%emt 0:04:34]} 34. Ba1 {[%emt 0:01:30]} Nd7 {[%emt 0:02:58]} 35. Be2 {[%emt 0:00:30]} Rd5 {[%emt 0:00:20]} 36. Bxd3 {[%emt 0:13:30]} Rxd3 {[%emt 0:00:02]} 37. Nxa5 {[%emt 0:00:30]} Nc5 {[%emt 0:00:01]} 38. Kg2 {[%emt 0:00:30]} Ne4 {[%emt 0:02:39]} 39. Nc6 {[%emt 0:03:30]} Nc3 {[%emt 0:00:31]} 40. Nxb4 {[%emt 0:00:30]} Nxb1 {[%emt 0:00:13]} 41. Nxd3 {[%emt 0:00:00]} Nd2 {[%emt 0:00:01]} 42. Rd1 {[%emt 0:03:00]} Nxb3 {[%emt 0:00:02]} 43. Bc3 {[%emt 0:00:30]} Rd8 {[%emt 0:00:43]} 44. Rb1 {[%emt 0:00:00]} Rxd3 {[%emt 0:00:28]} 45. Rxb3 {[%emt 0:00:00]} h5 {[%emt 0:01:32]} 46. Rb7+ {[%emt 0:00:30]} Kh6 {[%emt 0:00:11]} 47. Bb4 {[%emt 0:00:00]} Rd8 {[%emt 0:00:31]} 48. Be7 {[%emt 0:00:00]} Rc8 {[%emt 0:00:07]} 49. h4 {[%emt 0:00:30]} Bc7 {[%emt 0:01:09]} 50. a5 {[%emt 0:00:30]} Bd8 {[%emt 0:00:33]} 51. Bf8# {[%emt 0:00:00]} 1-0